Multiple Choice State Quiz – Alabama - Statistics

General Stats
  • This quiz has been taken 37 times
    34 since last reset
  • The average score is 6 of 10
Answer Stats
Question Answer % Correct
Alabama is nicknamed, "The Yellowhammer State". What is a Yellowhammer? A bird.
92%
What is the capital of Alabama? Montgomery
88%
What state borders Alabama? Tennessee
83%
How many major professional sports leagues are from Alabama? None
79%
What European country was the first to reach Alabama? Spain
71%
What occurred in Montgomery, Alabama during the Civil Rights Movement? Montgomery bus boycott
67%
What is the flag of Alabama?
54%
What famous organized event in Mobile was the first of its kind? Mardi Gras
38%
The etymology of Alabama stems from _____ a river.
33%
Which Final Destination movie was filmed in Alabama? The Final Destination
17%
No matching quizzes found
Score Distribution
Percent of People with Each Score
Percentile by Number Answered
Your Score History
You have not taken this quiz since the last reset